The economic power of women in early South Asian Buddhism (Record no. 510325)

000 -LEADER
fixed length control field 01077nam a2200157 4500
008 - FIXED-LENGTH DATA ELEMENTS--GENERAL INFORMATION
fixed length control field 190811b ||||| |||| 00| 0 eng d
100 ## - MAIN ENTRY--PERSONAL NAME
Personal name Milligan, Matthew D.
245 ## - TITLE STATEMENT
Title The economic power of women in early South Asian Buddhism
260 ## - PUBLICATION, DISTRIBUTION, ETC. (IMPRINT)
Date of publication, distribution, etc 2019
300 ## - PHYSICAL DESCRIPTION
Extent p.53-76.
520 ## - SUMMARY, ETC.
Summary, etc This article serves as a contribution to the financial primacy of Buddhist women in early historic South Asia. Presented here is a single case study from the first century bce monastic stūpa site from Central India called Sanchi whereby gender demographics are analysed over two subsequent stages of funding. Investments by women not only fuelled the construction of the built landscape but, as time went on, female donors were crucial to the economic solvency of the monastic institution at Sanchi. Such a micro-history of Buddhist women from classical India illustrates the agency of women during Buddhism’s formative years. - Reproduced.
650 ## - SUBJECT ADDED ENTRY--TOPICAL TERM
Topical term or geographic name as entry element Social history
9 (RLIN) 8115
773 ## - HOST ITEM ENTRY
Main entry heading Indian Economic and Social History Review
906 ## - LOCAL DATA ELEMENT F, LDF (RLIN)
Subject DIP Buddhism
942 ## - ADDED ENTRY ELEMENTS (KOHA)
Source of classification or shelving scheme
Item type Articles
Holdings
Withdrawn status Lost status Source of classification or shelving scheme Damaged status Not for loan Permanent location Current location Date acquired Serial Enumeration / chronology Barcode Date last seen Koha item type
          Indian Institute of Public Administration Indian Institute of Public Administration 2019-08-11 56(1), Jan-Mar, 2019: p.53-76. AR119956 2019-08-11 Articles

Powered by Koha